000 00690nam a22001937a 4500
010 _a1718CH-EN
020 _a9780143428275
_c150.00
035 _aB-673191-199
037 _aDPL
_bBSB
082 _aS
100 _aMehta, Sonia
245 _aMother Teresa /
_cby Sonia Mehta; illustrated Aditya Krishnamurthy
260 _aGurgaon
_bPuffin Book
_c2016
270 _a7th Floor, Infinity Tower C, DLF Cyber City,
_bGurgaon
_e122002
300 _a80p.
_c19cm(pbk)
700 _aKrishnamurthy, Aditya
942 _2ddc
_cCH
_mMEH
_hS
999 _c141678
_d141678